Normal view
MARC view
Entry Personal Name
001 - CONTROL NUMBER
- control field: 757180
003 - CONTROL NUMBER IDENTIFIER
- control field: OSt
005 - DATE AND TIME OF LATEST TRANSACTION
- control field: 20250508150615.0
008 - FIXED-LENGTH DATA ELEMENTS
- fixed length control field: 250508|| aca||aabn | a|a d
040 ## - CATALOGING SOURCE
- Original cataloging agency: OSt
- Transcribing agency: OSt
100 ## - HEADING--PERSONAL NAME
- Personal name: Edgar Percy F
670 ## - SOURCE DATA FOUND
- Source citation: Work cat.: (OSt)1324550: Wright Walter, Public speaking and broad casting : The technique of writing and bradcasting radio talks with notes on its application to other forms of public speaking and with reprints of actual scripts
